| 000 | 00497nam a2200145 a 4500 | ||
|---|---|---|---|
| 001 | 000034366 | ||
| 005 | 20200930073648.0 | ||
| 008 | 111003s1966 dr 000 0 spa d | ||
| 040 |
_aDO-SdBNP _bspa _cBNPHU |
||
| 100 | 1 |
_aPina Acevedo M., Ramón _955114 |
|
| 245 | 1 | 0 |
_aOtras vidas paralelas : _bTomás Bobadilla y Briones y Rafael F. Bonnelly; gemelos en la traición política / _cRamón Pina Acevedo M. |
| 260 |
_aCaracas : _bEditora Orinoco, _c1966. |
||
| 300 |
_a72 p. ; _c16 cm. |
||
| 049 | _aBNPD | ||
| 999 |
_c33857 _d33857 |
||